000 00632nam a22001817a 4500
008 160615b xxu||||| |||| 00| 0 eng d
020 _a978-2-10-059397-2
040 _aBUAC
_cBUC
_dFr
100 _aGallopel-Morvan,Karine.
245 _aMarketing et Communication des Associations.
_cBirambeau,Pierre;Larceneux,Fabrice;Rieunier,Sophie.
250 _a2èm édition.
260 _aParis.
_bDUNOD.
_c2013.
300 _a258p.
_bBlanche avec des rondelles de multiples couleurs.
_c24cm.
500 _aBiblig.pp.(248-255);index.pp.(256-258)
630 _2SCIENCE APPLIQUEE
650 _2Marketing et communication
942 _cLIVR
999 _c54575
_d54575